000 nam a22 7a 4500
999 _c7906
_d7906
008 171108b xxu||||| |||| 00| 0 eng d
100 _94371
_aCBSE
245 _aCHEMISTRY QUSETION BANK -XII
260 _aAGRA
_bOSWAL
_c2018